[Event "Montreal op"]
[Site "Montreal CAN"]
[Date "2017.09.08"]
[Round "1.10"]
[White "Luksza, Arkadiusz"]
[Black "Turcotte, Jonathan"]
[Result "1/2-1/2"]
[WhiteElo "2237"]
[BlackElo "2054"]
[WhiteFideId "-1"]
[WhiteFideId "-1"]
[PlyCount "114"]
[GameId "2160767908338724"]
[EventDate "2017.09.08"]
[EventType "swiss"]
[EventRounds "5"]
[EventCountry "CAN"]
[SourceTitle "hb 2017"]

1. Nf3 d5 2. g3 Nf6 3. Bg2 Bf5 4. O-O e6 5. d3 h6 6. Nbd2 Be7 7. Re1 O-O 8. c4 c6 9. Qb3 Qb6 10. Qxb6 axb6 11. e4 dxe4 12. dxe4 Bh7 13. e5 Nfd7 14. Ne4 Na6 15. Bd2 Nb4 16. Bxb4 Bxb4 17. Red1 Rad8 18. Nc3 Nc5 19. Rxd8 Rxd8 20. Nd1 Nd3 21. a3 Be7 22. Bf1 Be4 23. Be2 g5 24. h3 Bxf3 25. Bxf3 Nxe5 26. Be2 Bf6 27. Kf1 Rd4 28. Rc1 c5 29. Rc2 Nc6 30. Ne3 Rd7 31. Bg4 Bg7 32. Nd5 f5 33. Nxb6 Rd6 34. Bh5 Nd4 35. Nc8 Nxc2 36. Nxd6 Bxb2 37. a4 Kf8 38. Nxb7 Bd4 39. a5 Nb4 40. Bd1 Nc6 41. a6 Ke7 42. Ba4 Na7 43. Ke2 e5 44. f3 h5 45. g4 hxg4 46. hxg4 fxg4 47. fxg4 e4 48. Bc2 e3 49. Bf5 Nc6 50. Na5 Kd6 51. Be4 Ne7 52. Kd3 Kc7 53. Bf3 Kb6 54. Nb3 Nc6 55. a7 Ne5+ 56. Ke4 Kxa7 57. Nxd4 cxd4 1/2-1/2

[Event "Montreal op"]
[Site "Montreal CAN"]
[Date "2017.09.08"]
[Round "1.11"]
[White "Zheng, Richard"]
[Black "Sprumont, Oscar"]
[Result "1-0"]
[WhiteElo "2053"]
[BlackElo "2001"]
[WhiteFideId "-1"]
[WhiteFideId "-1"]
[PlyCount "85"]
[GameId "2160767908338725"]
[EventDate "2017.09.08"]
[EventType "swiss"]
[EventRounds "5"]
[EventCountry "CAN"]
[SourceTitle "hb 2017"]

1. e4 e5 2. Nf3 Nc6 3. Bc4 Nf6 4. d3 Be7 5. c3 O-O 6. O-O d5 7. exd5 Nxd5 8. Re1 Bg4 9. h3 Bh5 10. Bb3 f6 11. Nbd2 Na5 12. d4 Nc6 13. Nf1 exd4 14. Ng3 Bf7 15. Nxd4 Nxd4 16. Qxd4 Nb6 17. Nf5 Bxb3 18. Qg4 Rf7 19. axb3 Kh8 20. Be3 Qf8 21. Bxb6 cxb6 22. Nxe7 Rxe7 23. Rxe7 Qxe7 24. Rxa7 Qe1+ 25. Kh2 Qe5+ 26. f4 Qb8 27. Rxa8 Qxa8 28. Qd7 h6 29. b4 Qa6 30. b3 Qf1 31. Qe8+ Kh7 32. Qe4+ Kh8 33. Qe8+ Kh7 34. Qe4+ Kh8 35. c4 Qc1 36. Qd4 Qc2 37. Qxb6 Qxb3 38. Qxb7 Qxc4 39. Qb8+ Kh7 40. b5 h5 41. b6 h4 42. Qc7 Qb3 43. f5 1-0

[Event "Montreal op"]
[Site "Montreal CAN"]
[Date "2017.09.08"]
[Round "1.12"]
[White "Tomb, Maroun"]
[Black "Thomas, Kenneth"]
[Result "1-0"]
[WhiteElo "2228"]
[BlackElo "2038"]
[WhiteFideId "-1"]
[WhiteFideId "-1"]
[PlyCount "91"]
[GameId "2160767908338726"]
[EventDate "2017.09.08"]
[EventType "swiss"]
[EventRounds "5"]
[EventCountry "CAN"]
[SourceTitle "hb 2017"]

1. e4 c5 2. Ne2 d6 3. g3 Nc6 4. Bg2 g6 5. c3 Bg7 6. d4 e5 7. dxc5 dxc5 8. Qxd8+ Nxd8 9. Be3 b6 10. a4 Nc6 11. Na3 Ba6 12. Bf1 Bb7 13. Nc1 O-O-O 14. Nb3 f5 15. Nd2 Nf6 16. Bh3 Kb8 17. O-O Nxe4 18. Nxe4 fxe4 19. Rfe1 h6 20. Nc4 Ne7 21. a5 Kc7 22. axb6+ axb6 23. b4 Nd5 24. bxc5 b5 25. Nd6 Nxe3 26. Rxe3 Ra8 27. Rb1 Bc6 28. Bg2 Ra5 29. Bxe4 Bxe4 30. Rxe4 Kc6 31. Rg4 g5 32. h4 Bf6 33. hxg5 hxg5 34. Rgb4 Be7 35. Nf7 Rc8 36. Nxe5+ Kxc5 37. c4 Kd6 38. Rxb5 Rxb5 39. Rxb5 Ke6 40. Kg2 Rc5 41. Rxc5 Bxc5 42. Nd3 Bd6 43. Kf3 Kf5 44. g4+ Ke6 45. Ke4 Bc7 46. Kd4 1-0

[Event "Montreal op"]
[Site "Montreal CAN"]
[Date "2017.09.08"]
[Round "1.13"]
[White "Johnson-Constantin, Mathieu"]
[Black "Ouellet, Maili-Jade"]
[Result "0-1"]
[WhiteElo "2237"]
[BlackElo "2212"]
[WhiteFideId "-1"]
[WhiteFideId "-1"]
[PlyCount "64"]
[GameId "2160767908338727"]
[EventDate "2017.09.08"]
[EventType "swiss"]
[EventRounds "5"]
[EventCountry "CAN"]
[SourceTitle "hb 2017"]

1. e4 c5 2. Nc3 e6 3. g3 Nc6 4. Bg2 g6 5. Nge2 Bg7 6. O-O Nge7 7. d3 O-O 8. Be3 Nd4 9. Qd2 Nec6 10. a3 Rb8 11. Nc1 Ne5 12. f3 f5 13. Bxd4 cxd4 14. N3e2 fxe4 15. fxe4 Rxf1+ 16. Kxf1 Ng4 17. Kg1 Bh6 18. Nf4 d6 19. Bf3 e5 20. Qe2 exf4 21. Bxg4 fxg3 22. h3 Be3+ 23. Kg2 h5 24. Bxc8 Rxc8 25. Nb3 Qh4 26. Rf1 g5 27. c3 g4 28. Rh1 Rf8 29. hxg4 Rf2+ 30. Qxf2 Qxh1+ 31. Kxh1 gxf2 32. Kg2 h4 0-1

[Event "Montreal op"]
[Site "Montreal CAN"]
[Date "2017.09.08"]
[Round "1.14"]
[White "Lopez Linares, Lizandro"]
[Black "Saine, Zachary"]
[Result "1-0"]
[WhiteElo "2199"]
[BlackElo "1966"]
[WhiteFideId "-1"]
[WhiteFideId "-1"]
[PlyCount "65"]
[GameId "2160767908338728"]
[EventDate "2017.09.08"]
[EventType "swiss"]
[EventRounds "5"]
[EventCountry "CAN"]
[SourceTitle "hb 2017"]

1. d4 d5 2. Nf3 e6 3. c4 c6 4. e3 Nf6 5. Nc3 Nbd7 6. Bd3 dxc4 7. Bxc4 b5 8. Be2 Bb7 9. O-O a6 10. b3 Rc8 11. Bb2 c5 12. a4 b4 13. Nb1 a5 14. Ne5 cxd4 15. Bb5 Qc7 16. Qxd4 Bc5 17. Qd3 O-O 18. Nxd7 Nxd7 19. Qxd7 Qxd7 20. Bxd7 Rcd8 21. Bb5 Bd5 22. Nd2 Bxg2 23. Kxg2 Rxd2 24. Bc1 Rc2 25. Rd1 e5 26. Rd5 Bb6 27. Rxe5 Rfc8 28. Bc4 g6 29. Re7 R8xc4 30. bxc4 b3 31. Ba3 Rxc4 32. Rb7 Rc6 33. Bb2 1-0

[Event "Montreal op"]
[Site "Montreal CAN"]
[Date "2017.09.08"]
[Round "1.15"]
[White "Bouchard, Jean-Marc"]
[Black "Pace, Christopher"]
[Result "0-1"]
[WhiteElo "1942"]
[BlackElo "2186"]
[WhiteFideId "-1"]
[WhiteFideId "-1"]
[PlyCount "112"]
[GameId "2160767908338729"]
[EventDate "2017.09.08"]
[EventType "swiss"]
[EventRounds "5"]
[EventCountry "CAN"]
[SourceTitle "hb 2017"]

1. e4 e5 2. Nf3 Nc6 3. Bb5 a6 4. Bxc6 dxc6 5. Nc3 f6 6. d4 exd4 7. Qxd4 Qxd4 8. Nxd4 Bd6 9. Nde2 Ne7 10. Bf4 Be6 11. Bxd6 cxd6 12. O-O-O O-O-O 13. h4 Bf7 14. b3 Rhe8 15. f3 f5 16. Nd4 fxe4 17. fxe4 d5 18. exd5 Nxd5 19. Nxd5 Bxd5 20. Rd2 Re4 21. Nf3 Rf4 22. Ne1 Re8 23. Nd3 Rg4 24. Rh2 Ree4 25. c4 Be6 26. Nf2 Rxh4 27. Nxe4 Rxh2 28. Nd6+ Kb8 29. Re2 Rh6 30. c5 Rg6 31. g3 Kc7 32. Re3 b5 33. a3 Kd7 34. b4 Rg4 35. Ne4 Bd5 36. Nc3 Bc4 37. Kd2 Rd4+ 38. Ke1 Rd3 39. Rxd3+ Bxd3 40. Kd2 Bf5 41. Ne2 Ke7 42. Nd4 Be4 43. Ke3 Bd5 44. Ne2 Kf6 45. Nf4 Ke5 46. Nd3+ Kf5 47. Nf4 Bc4 48. Kf3 Ke5 49. Ke3 g5 50. Nh3 Kf5 51. Nf2 h5 52. g4+ hxg4 53. Nh1 g3 54. Nxg3+ Kg4 55. Ne4 Be6 56. Kf2 Kf4 0-1

[Event "Montreal op"]
[Site "Montreal CAN"]
[Date "2017.09.08"]
[Round "1.16"]
[White "Nicula, Marius"]
[Black "Guipi Bopala, Prince Eric jr"]
[Result "1-0"]
[WhiteElo "2175"]
[BlackElo "1936"]
[WhiteFideId "-1"]
[WhiteFideId "-1"]
[PlyCount "75"]
[GameId "2160767908338730"]
[EventDate "2017.09.08"]
[EventType "swiss"]
[EventRounds "5"]
[EventCountry "CAN"]
[SourceTitle "hb 2017"]

1. d4 f5 2. g3 Nf6 3. Bg2 e6 4. c4 c6 5. Nh3 d6 6. Nc3 Be7 7. O-O O-O 8. e4 fxe4 9. Nxe4 Nxe4 10. Bxe4 e5 11. Qh5 g6 12. Bxg6 hxg6 13. Qxg6+ Kh8 14. Qh6+ Kg8 15. Qg6+ Kh8 16. Ng5 Bf5 17. Qh6+ Kg8 18. g4 Rf6 19. Qh3 Bc2 20. Qc3 Rg6 21. Qxc2 Rxg5 22. Bxg5 Bxg5 23. Qg6+ Kh8 24. dxe5 dxe5 25. Rad1 Qf6 26. Qe8+ Kg7 27. Rd3 Qf4 28. Qc8 Qf7 29. Rfd1 Bf6 30. Rh3 Qf8 31. Qxb7+ Qe7 32. Qxa8 Na6 33. Qh8+ Kg6 34. Rh6+ Kg5 35. h4+ Kxg4 36. Rxf6 Nc5 37. Qc8+ Kh5 38. Qf5+ 1-0

[Event "Montreal op"]
[Site "Montreal CAN"]
[Date "2017.09.08"]
[Round "1.17"]
[White "Mahdjoubi, Abdelaziz"]
[Black "Durette, Francis"]
[Result "0-1"]
[WhiteElo "1885"]
[BlackElo "2131"]
[WhiteFideId "-1"]
[WhiteFideId "-1"]
[PlyCount "154"]
[GameId "2160767908338731"]
[EventDate "2017.09.08"]
[EventType "swiss"]
[EventRounds "5"]
[EventCountry "CAN"]
[SourceTitle "hb 2017"]

1. e4 d6 2. d4 g6 3. c4 Nf6 4. Nc3 Bg7 5. Nf3 O-O 6. Be2 e5 7. O-O exd4 8. Nxd4 Re8 9. f3 Nc6 10. Nxc6 bxc6 11. Bg5 h6 12. Bh4 Rb8 13. Rb1 Bb7 14. Bf2 a6 15. Qb3 c5 16. Qc2 Nh5 17. Qd2 Be5 18. Nd5 Bxd5 19. cxd5 a5 20. a4 Nf4 21. Bb5 Qg5 22. Be3 Bd4 23. Rfe1 Nxd5 24. Qxd4 Nxe3 25. Qxe3 Qxe3+ 26. Rxe3 Re7 27. Rb3 c6 28. Bc4 Rxb3 29. Bxb3 Kf8 30. Rd1 Rb7 31. Rd3 Rb4 32. Bd1 Rxb2 33. Kf1 Ke7 34. Rb3 Rd2 35. Rb7+ Ke6 36. Be2 Rd4 37. Rc7 Rxa4 38. Rxc6 f5 39. Bd3 Ke5 40. g4 Ra1+ 41. Kf2 Ra2+ 42. Be2 f4 43. Rc8 a4 44. Re8+ Kf6 45. Ke1 Ra1+ 46. Kd2 Ra2+ 47. Kd1 Ra1+ 48. Kd2 Ra2+ 49. Ke1 Ra1+ 50. Kf2 Ra2 51. h4 Rb2 52. e5+ dxe5 53. Ra8 Ra2 54. Ra6+ Ke7 55. Ra5 a3 56. Rxc5 Rb2 57. Rc7+ Kf8 58. Ra7 a2 59. h5 g5 60. Ra6 Ke7 61. Ra3 Kd6 62. Ra5 Kc6 63. Ra8 Kc5 64. Ra4 Rc2 65. Ra8 Kb4 66. Ra6 Kc3 67. Rc6+ Kb2 68. Rb6+ Kc1 69. Ra6 Kb1 70. Ke1 a1=Q 71. Rxa1+ Kxa1 72. Bd3 Rh2 73. Be2 Kb2 74. Bd3 Kc3 75. Bf5 Kd4 76. Be4 Ke3 77. Kf1 Rf2+ 0-1

[Event "Montreal op"]
[Site "Montreal CAN"]
[Date "2017.09.08"]
[Round "1.18"]
[White "Libersan, Thierry"]
[Black "Leger, Manon"]
[Result "1-0"]
[WhiteElo "2116"]
[BlackElo "1875"]
[WhiteFideId "-1"]
[WhiteFideId "-1"]
[PlyCount "57"]
[GameId "2160767908338732"]
[EventDate "2017.09.08"]
[EventType "swiss"]
[EventRounds "5"]
[EventCountry "CAN"]
[SourceTitle "hb 2017"]

1. d4 d5 2. Bf4 Nf6 3. e3 Bg4 4. f3 Bf5 5. c4 e6 6. Nc3 c6 7. g4 Bg6 8. Qb3 Qb6 9. c5 Qxb3 10. axb3 Nfd7 11. b4 f6 12. b5 e5 13. Bg3 Be7 14. bxc6 bxc6 15. b4 Bf7 16. b5 exd4 17. exd4 O-O 18. b6 a5 19. Bd3 Bg6 20. Bxg6 hxg6 21. Nge2 f5 22. O-O Nf6 23. Nf4 Kf7 24. gxf5 gxf5 25. Rfe1 Na6 26. Rxe7+ Kxe7 27. Ng6+ Kf7 28. Nxf8 Kxf8 29. Rxa5 1-0

[Event "Montreal op"]
[Site "Montreal CAN"]
[Date "2017.09.09"]
[Round "2.3"]
[White "Yu, Zong Yang"]
[Black "Nicula, Marius"]
[Result "1-0"]
[WhiteElo "2444"]
[BlackElo "2175"]
[WhiteFideId "-1"]
[WhiteFideId "-1"]
[PlyCount "63"]
[GameId "2160767908338736"]
[EventDate "2017.09.08"]
[EventType "swiss"]
[EventRounds "5"]
[EventCountry "CAN"]
[SourceTitle "hb 2017"]

1. Nf3 g6 2. d4 Bg7 3. c4 d6 4. Nc3 e5 5. g3 Nc6 6. d5 Nce7 7. Bg2 Nf6 8. O-O O-O 9. e4 c5 10. Be3 h6 11. h3 Nh5 12. Qd2 Kh7 13. Ne1 f5 14. Nd3 Ng8 15. Rab1 Ngf6 16. exf5 gxf5 17. Kh2 Bd7 18. f4 Qe8 19. fxe5 dxe5 20. Bxc5 Rg8 21. Bf2 Bf8 22. Rbe1 e4 23. Nf4 Nxf4 24. Qxf4 Nh5 25. Qd2 Bd6 26. Nxe4 Be5 27. Qe2 f4 28. Qd3 Kh8 29. Kh1 fxg3 30. Bd4 Bxd4 31. Qxd4+ Rg7 32. Nf6 1-0

[Event "Montreal op"]
[Site "Montreal CAN"]
[Date "2017.09.09"]
[Round "2.5"]
[White "Dukic, Zachary"]
[Black "Zheng, Richard"]
[Result "1/2-1/2"]
[WhiteElo "2254"]
[BlackElo "2053"]
[WhiteFideId "-1"]
[WhiteFideId "-1"]
[PlyCount "130"]
[GameId "2160767908338738"]
[EventDate "2017.09.08"]
[EventType "swiss"]
[EventRounds "5"]
[EventCountry "CAN"]
[SourceTitle "hb 2017"]

1. e4 e5 2. Nf3 Nc6 3. Bb5 a6 4. Ba4 b5 5. Bb3 Be7 6. O-O Nf6 7. d3 O-O 8. Nc3 d6 9. a3 h6 10. h3 Be6 11. Nd5 Na5 12. Ba2 c6 13. Nxf6+ Bxf6 14. Bxe6 fxe6 15. b4 Nb7 16. Bd2 d5 17. a4 Nd6 18. Qe2 Qe7 19. Ra2 dxe4 20. dxe4 Nc4 21. Rfa1 Qb7 22. Bc3 Rfd8 23. Ne1 Nb6 24. axb5 axb5 25. Nd3 Na4 26. Bd2 Kh7 27. Qg4 Re8 28. Be3 Qf7 29. Nc5 h5 30. Qf3 Nb6 31. Rxa8 Rxa8 32. Rxa8 Nxa8 33. Qd1 Nb6 34. Bd2 Be7 35. Nd3 Nc4 36. Bc3 Bd6 37. Qa1 Qc7 38. Qa8 Qd7 39. Kh2 g6 40. f4 Nb6 41. Qa6 Nc4 42. fxe5 Bc7 43. Qa8 Qf7 44. Qxc6 Nxe5 45. Bxe5 Bxe5+ 46. Nxe5 Qf4+ 47. Kg1 Qxe5 48. Kf2 h4 49. Qd7+ Kh6 50. Qd2+ g5 51. Qd3 Qb2 52. Qd2 Qe5 53. Ke3 Qg3+ 54. Kd4 Qd6+ 55. Kc3 Qc6+ 56. Kd3 Qd6+ 57. Ke2 Qg3 58. Kd1 Qe5 59. Qd3 Qa1+ 60. Kd2 Qg1 61. Qf3 Qd4+ 62. Ke2 Qc4+ 63. Kd1 Qd4+ 64. Ke2 Qc4+ 65. Kd1 Qd4+ 1/2-1/2

[Event "Montreal op"]
[Site "Montreal CAN"]
[Date "2017.09.09"]
[Round "2.6"]
[White "Durette, Francis"]
[Black "Tomb, Maroun"]
[Result "1/2-1/2"]
[WhiteElo "2131"]
[BlackElo "2226"]
[WhiteFideId "-1"]
[WhiteFideId "-1"]
[PlyCount "79"]
[GameId "2160767908338739"]
[EventDate "2017.09.08"]
[EventType "swiss"]
[EventRounds "5"]
[EventCountry "CAN"]
[SourceTitle "hb 2017"]

1. c4 d6 2. Nc3 Nf6 3. g3 e5 4. Bg2 Be7 5. d3 O-O 6. e4 Nc6 7. Nge2 Nd7 8. O-O Nc5 9. Nd5 a5 10. Be3 Bg4 11. f3 Be6 12. Qd2 Qd7 13. f4 f5 14. Rf2 Nb4 15. Nxe7+ Qxe7 16. Bxc5 dxc5 17. a3 Nc6 18. exf5 Bxf5 19. Bd5+ Kh8 20. Bxc6 bxc6 21. fxe5 Qxe5 22. Raf1 Rf6 23. Qg5 h6 24. Qh5 Qe3 25. Qf3 Qxd3 26. Qxd3 Bxd3 27. Rxf6 gxf6 28. Rxf6 Bxe2 29. Rxh6+ Kg7 30. Rxc6 Ra7 31. Rxc5 a4 32. Kf2 Bd1 33. Ke1 Bb3 34. Kd2 Kf6 35. Kc3 Ke6 36. h4 Kd6 37. Rd5+ Ke6 38. Rc5 Kd6 39. Rd5+ Ke6 40. Rc5 1/2-1/2

[Event "Montreal op"]
[Site "Montreal CAN"]
[Date "2017.09.09"]
[Round "2.7"]
[White "Ouellet, Maili-Jade"]
[Black "Nunez, Omar"]
[Result "1-0"]
[WhiteElo "2212"]
[BlackElo "1866"]
[WhiteFideId "-1"]
[WhiteFideId "-1"]
[PlyCount "59"]
[GameId "2160767908338740"]
[EventDate "2017.09.08"]
[EventType "swiss"]
[EventRounds "5"]
[EventCountry "CAN"]
[SourceTitle "hb 2017"]

1. d4 d6 2. c4 g6 3. e4 Bg7 4. Nc3 Na6 5. Be2 c5 6. d5 Nf6 7. f4 Nc7 8. Nf3 a6 9. a4 b6 10. O-O O-O 11. Re1 Rb8 12. Qc2 Bb7 13. Bd2 Ba8 14. Rad1 b5 15. cxb5 axb5 16. Nxb5 Nxb5 17. Bxb5 e6 18. dxe6 fxe6 19. Ng5 Ng4 20. Nxe6 Qh4 21. h3 Nf2 22. Qb3 c4 23. Qf3 Nxd1 24. Nxf8 Bd4+ 25. Kh2 c3 26. bxc3 Nxc3 27. Nd7 Rd8 28. Bxc3 Bxc3 29. Qxc3 Qxf4+ 30. Kh1 1-0

[Event "Montreal op"]
[Site "Montreal CAN"]
[Date "2017.09.09"]
[Round "2.8"]
[White "Leveille, Francois"]
[Black "Zhong, Kevin"]
[Result "1-0"]
[WhiteElo "2307"]
[BlackElo "2003"]
[WhiteFideId "-1"]
[WhiteFideId "-1"]
[PlyCount "79"]
[GameId "2160767908338741"]
[EventDate "2017.09.08"]
[EventType "swiss"]
[EventRounds "5"]
[EventCountry "CAN"]
[SourceTitle "hb 2017"]

1. Nf3 d5 2. g3 c5 3. Bg2 Nc6 4. d4 e6 5. O-O Nf6 6. c4 dxc4 7. Ne5 Nxe5 8. dxe5 Qxd1 9. Rxd1 Nd7 10. f4 Rb8 11. a4 a6 12. Na3 Nb6 13. a5 Nd5 14. Nxc4 Nb4 15. Nb6 Be7 16. Bd2 Nc2 17. Ra4 O-O 18. Rc4 Nd4 19. Kf2 Rd8 20. Be3 Bd7 21. Nxd7 Rxd7 22. b4 Rbd8 23. bxc5 Nb3 24. Rxd7 Rxd7 25. c6 bxc6 26. Bb6 c5 27. Bc6 Rd4 28. Rc3 Rb4 29. Rd3 c4 30. Rd7 Bf8 31. Rc7 c3 32. Be8 Nd2 33. Bxf7+ Kh8 34. Bxe6 g6 35. Ke3 Nb1 36. Ba2 Rb2 37. Bxb1 Rxb1 38. Rxc3 Bb4 39. Rc7 Rb3+ 40. Ke4 1-0

[Event "Montreal op"]
[Site "Montreal CAN"]
[Date "2017.09.09"]
[Round "2.9"]
[White "Huang, Qiuyu"]
[Black "Malek, Omid"]
[Result "1-0"]
[WhiteElo "2285"]
[BlackElo "2089"]
[WhiteFideId "-1"]
[WhiteFideId "-1"]
[PlyCount "159"]
[GameId "2160767908338742"]
[EventDate "2017.09.08"]
[EventType "swiss"]
[EventRounds "5"]
[EventCountry "CAN"]
[SourceTitle "hb 2017"]

1. e4 e6 2. d4 d5 3. Nc3 Nc6 4. e5 Nge7 5. Nf3 Nf5 6. Bg5 Be7 7. h4 h5 8. Bb5 Bd7 9. Qd2 a6 10. Be2 b5 11. a3 Qb8 12. Bxe7 Ncxe7 13. b4 c6 14. Na2 a5 15. bxa5 Qc7 16. Nc1 Qxa5 17. Nb3 Qxd2+ 18. Kxd2 Ng6 19. g3 Nf8 20. Nc5 Bc8 21. a4 bxa4 22. Rxa4 Rxa4 23. Nxa4 Nd7 24. Rb1 O-O 25. Bd3 Ne7 26. Ng5 Re8 27. f4 Nf8 28. Nc5 f6 29. Nf3 Kf7 30. Rb8 Nd7 31. Rxc8 Nxc8 32. Nxd7 Ne7 33. Nc5 Rb8 34. Nb3 Ra8 35. Kc3 Rb8 36. Ne1 Rb6 37. Ng2 Rb8 38. Ne3 g6 39. Nf1 Rc8 40. Nfd2 Nf5 41. Bxf5 gxf5 42. exf6 Rg8 43. Nf1 Kxf6 44. Nc5 Ke7 45. Kd3 Kd6 46. Nb3 Ke7 47. Nbd2 Kd6 48. Nf3 Ra8 49. N1d2 Ra1 50. Nb3 Rb1 51. Kd2 Rh1 52. Ke2 Rb1 53. Kf2 Rh1 54. Kg2 Rb1 55. Kf2 Rb2 56. Ne1 Ra2 57. Ke2 Rb2 58. Kd2 Rb1 59. Ke2 Rb2 60. Kd1 Ra2 61. Kc1 Ra8 62. Nf3 Rg8 63. Ng5 Re8 64. Nc5 Re7 65. Kb2 Re8 66. Kc3 Re7 67. Kb4 Re8 68. Nh7 Rg8 69. Ng5 Re8 70. Ka5 Ra8+ 71. Na6 Re8 72. Kb6 Ra8 73. Nf7+ Ke7 74. Kb7 Rxa6 75. Kxa6 Kxf7 76. Kb6 Ke7 77. Kxc6 Ke8 78. Kd6 Kf7 79. Kd7 Kf6 80. Ke8 1-0

[Event "Montreal op"]
[Site "Montreal CAN"]
[Date "2017.09.09"]
[Round "2.11"]
[White "Bassel, Charaf"]
[Black "Berube, Antoine"]
[Result "1-0"]
[WhiteElo "2087"]
[BlackElo "2269"]
[WhiteFideId "-1"]
[WhiteFideId "-1"]
[PlyCount "79"]
[GameId "2160767908338744"]
[EventDate "2017.09.08"]
[EventType "swiss"]
[EventRounds "5"]
[EventCountry "CAN"]
[SourceTitle "hb 2017"]

1. e3 d5 2. Nf3 Nf6 3. c4 c6 4. b3 Bg4 5. Be2 e6 6. Bb2 Nbd7 7. O-O Bd6 8. d3 O-O 9. Nbd2 Qe7 10. Re1 e5 11. e4 Bxf3 12. Bxf3 d4 13. a3 a5 14. g3 Nc5 15. Qc2 Ne6 16. Bg2 Nd7 17. Nf3 f6 18. Reb1 b5 19. Bc1 b4 20. a4 Ndc5 21. Bd2 g6 22. Nh4 Qc7 23. Bh3 Rae8 24. Rf1 Rf7 25. Rae1 Ree7 26. Ng2 f5 27. exf5 gxf5 28. Nh4 Ng7 29. Bh6 e4 30. Bxg7 exd3 31. Qd1 Rxe1 32. Rxe1 Kxg7 33. Nxf5+ Kh8 34. Qg4 Be5 35. f4 Bd6 36. Re8+ Rf8 37. Qg5 Ne4 38. Rxe4 d2 39. Bg4 d3 40. Re7 1-0

[Event "Montreal op"]
[Site "Montreal CAN"]
[Date "2017.09.09"]
[Round "2.12"]
[White "Chang, Alexander"]
[Black "Luksza, Arkadiusz"]
[Result "0-1"]
[WhiteElo "1829"]
[BlackElo "2237"]
[WhiteFideId "-1"]
[WhiteFideId "-1"]
[PlyCount "104"]
[GameId "2160767908338745"]
[EventDate "2017.09.08"]
[EventType "swiss"]
[EventRounds "5"]
[EventCountry "CAN"]
[SourceTitle "hb 2017"]

1. e4 e6 2. d4 d5 3. exd5 exd5 4. Bd3 Nf6 5. Nf3 Be7 6. O-O Bg4 7. Bg5 Nbd7 8. Nbd2 O-O 9. Re1 Re8 10. h3 Bh5 11. Nf1 Ne4 12. Bf4 Bh4 13. Bg3 Bf6 14. c3 c5 15. dxc5 Ndxc5 16. Bc2 Qd7 17. Bxe4 Nxe4 18. Bh2 Ng5 19. Rxe8+ Rxe8 20. N1d2 d4 21. cxd4 Bxd4 22. Rb1 Bf6 23. Qb3 Qc6 24. Nxg5 Bxg5 25. Nf3 Bxf3 26. Qxf3 Qxf3 27. gxf3 Bf6 28. Kf1 Rc8 29. Bf4 Rc6 30. b3 g5 31. Be3 Rc2 32. a4 a6 33. f4 h6 34. fxg5 hxg5 35. Kg2 Kg7 36. Kf3 Kg6 37. Ke4 Rc3 38. f3 Bg7 39. Re1 Rxb3 40. f4 Rb4+ 41. Kf3 gxf4 42. Bxf4 Rxa4 43. Rg1+ Kh7 44. h4 b5 45. Re1 b4 46. Rb1 a5 47. Ke3 Ra3+ 48. Kd2 b3 49. Bd6 Ra2+ 50. Kd3 a4 51. Bb4 Ra1 52. Rxa1 Bxa1 0-1

[Event "Montreal op"]
[Site "Montreal CAN"]
[Date "2017.09.09"]
[Round "2.13"]
[White "Turcotte, Jonathan"]
[Black "Fillion, Steve"]
[Result "1/2-1/2"]
[WhiteElo "2054"]
[BlackElo "2125"]
[WhiteFideId "-1"]
[WhiteFideId "-1"]
[PlyCount "40"]
[GameId "2160767908338746"]
[EventDate "2017.09.08"]
[EventType "swiss"]
[EventRounds "5"]
[EventCountry "CAN"]
[SourceTitle "hb 2017"]

1. d4 d5 2. c4 e6 3. Nf3 Nf6 4. Nc3 Be7 5. Bf4 O-O 6. e3 b6 7. cxd5 Nxd5 8. Nxd5 exd5 9. Bd3 c5 10. dxc5 bxc5 11. O-O Nc6 12. Rc1 Be6 13. a3 Qb6 14. Qc2 h6 15. Rfd1 Rac8 16. h3 Rfd8 17. Rb1 Na5 18. Bh7+ Kh8 19. Bf5 Nc4 20. Ne5 Nxe5 1/2-1/2

[Event "Montreal op"]
[Site "Montreal CAN"]
[Date "2017.09.09"]
[Round "2.14"]
[White "Sprumont, Oscar"]
[Black "Johnson-Constantin, Mathieu"]
[Result "1-0"]
[WhiteElo "2001"]
[BlackElo "2237"]
[WhiteFideId "-1"]
[WhiteFideId "-1"]
[PlyCount "93"]
[GameId "2160767908338747"]
[EventDate "2017.09.08"]
[EventType "swiss"]
[EventRounds "5"]
[EventCountry "CAN"]
[SourceTitle "hb 2017"]

1. c4 Nf6 2. Nf3 b6 3. d4 e6 4. g3 Bb4+ 5. Nc3 Bxc3+ 6. bxc3 O-O 7. Bg2 Bb7 8. O-O d6 9. Nd2 Bxg2 10. Kxg2 c5 11. e4 d5 12. cxd5 cxd4 13. cxd4 exd5 14. e5 Ne4 15. Nxe4 dxe4 16. Ba3 Re8 17. Bd6 Nc6 18. f3 exf3+ 19. Qxf3 Qd7 20. Rad1 Rac8 21. Rf2 Na5 22. Bb4 Nc4 23. Bc3 Rc7 24. Qd3 Qd5+ 25. Kg1 h6 26. Qf3 Rd8 27. Rdf1 Qxf3 28. Rxf3 a5 29. Rb1 Rd5 30. a4 Kf8 31. Kf1 Ke7 32. g4 Ke6 33. Ke2 Rb7 34. h4 b5 35. axb5 Rbxb5 36. Rff1 Rxb1 37. Rxb1 Rd7 38. Rb5 Rd5 39. Rb8 Ke7 40. Rb7+ Ke6 41. Rc7 Na3 42. Rc6+ Kd7 43. Ra6 Nc4 44. Kd3 Na3 45. Bxa5 Nb5 46. Bb6 Kc6 47. Bc5+ 1-0

[Event "Montreal op"]
[Site "Montreal CAN"]
[Date "2017.09.09"]
[Round "2.15"]
[White "Saine, Zachary"]
[Black "Saha, Ananda"]
[Result "0-1"]
[WhiteElo "1966"]
[BlackElo "2117"]
[WhiteFideId "-1"]
[WhiteFideId "-1"]
[PlyCount "120"]
[GameId "2160767908338748"]
[EventDate "2017.09.08"]
[EventType "swiss"]
[EventRounds "5"]
[EventCountry "CAN"]
[SourceTitle "hb 2017"]

1. e4 c5 2. Nf3 e6 3. d4 cxd4 4. Nxd4 a6 5. Bd3 Bc5 6. Nb3 Be7 7. O-O Qc7 8. Qe2 d6 9. a4 b6 10. a5 b5 11. Bd2 Nf6 12. Na3 Qb7 13. f4 e5 14. fxe5 dxe5 15. c4 Be6 16. Rae1 Nbd7 17. Nc1 b4 18. Nc2 b3 19. Ne3 Nxe4 20. Bxe4 Qxe4 21. Nxb3 Rb8 22. Qd1 Qb7 23. Nc1 Qxb2 24. Nd5 Bxd5 25. cxd5 Qd4+ 26. Be3 Qxd1 27. Rxd1 O-O 28. d6 Bf6 29. Rd5 e4 30. Ne2 Rfe8 31. Rc1 Rb3 32. Kf2 Rd3 33. Nf4 Ra3 34. Rc7 Rd8 35. Ra7 Bh4+ 36. g3 Ra2+ 37. Ne2 Nf6 38. Bb6 Nxd5 39. Bxd8 Bxd8 40. Ra8 f5 41. Rxd8+ Kf7 42. Kf1 Rxa5 43. Nd4 Nf6 44. Nc6 Rd5 45. Ne7 Re5 46. Nc6 Re8 47. Rb8 Rxb8 48. Nxb8 Ke6 49. Nxa6 Kxd6 50. Kf2 Ke5 51. Nc5 g5 52. h3 h5 53. Nb3 h4 54. Nc1 hxg3+ 55. Kxg3 f4+ 56. Kf2 Nd5 57. Ne2 Ne7 58. Nc3 Nf5 59. Nb5 e3+ 60. Kf1 f3 0-1

[Event "Montreal op"]
[Site "Montreal CAN"]
[Date "2017.09.09"]
[Round "2.17"]
[White "Guipi Bopala, Prince Eric jr"]
[Black "Marin, Sam"]
[Result "0-1"]
[WhiteElo "1936"]
[BlackElo "2093"]
[WhiteFideId "-1"]
[WhiteFideId "-1"]
[PlyCount "114"]
[GameId "2160767908338750"]
[EventDate "2017.09.08"]
[EventType "swiss"]
[EventRounds "5"]
[EventCountry "CAN"]
[SourceTitle "hb 2017"]

1. d4 Nf6 2. c4 e5 3. dxe5 Ng4 4. Bf4 Nc6 5. Nf3 Bb4+ 6. Nbd2 Qe7 7. e3 Ngxe5 8. Be2 O-O 9. O-O Bxd2 10. Qxd2 d6 11. b4 Ng6 12. Bg3 Rd8 13. Qc3 Bg4 14. h3 Bh5 15. Nd4 Bxe2 16. Nxe2 Re8 17. Nf4 Nxf4 18. Bxf4 Nd8 19. Rfd1 Ne6 20. Bh2 b6 21. a4 a5 22. Rd5 axb4 23. Qxb4 Nc5 24. Rd2 Ra5 25. Rda2 Rea8 26. Bg3 Qd7 27. f3 Rxa4 28. Rxa4 Rxa4 29. Rxa4 Qxa4 30. Qxa4 Nxa4 31. e4 Nb2 32. e5 Nxc4 33. exd6 Nxd6 34. Kf2 f6 35. Ke2 Kf7 36. Kd3 Ke6 37. Kc3 Kd5 38. Bf2 c5 39. g4 Nb5+ 40. Kd3 Nd4 41. f4 g6 42. h4 h5 43. Bxd4 cxd4 44. f5 gxf5 45. gxh5 Ke6 46. h6 Kf7 47. h5 b5 48. Kxd4 b4 49. Kc4 f4 50. Kxb4 f3 51. h7 Kg7 52. h6+ Kxh7 53. Kc4 f2 54. Kd5 f1=Q 55. Ke6 Kxh6 56. Kf7 Qf5 57. Kg8 Qd7 0-1